000 00817cam a2200265 04500
001 5986
010 _a9724500942
021 _b51246/91
090 _a5986
100 _a20211231d1990 a||y0pory5003 ba
200 1 _aArmas vivas
_fJ.-C. Mezieres, P. Christin
_gtrad. João Luís Gomes
210 9 _aLisboa
_cMeribérica-Liber
_dD.L. 1991
215 _a56 p.
_ctodo il.
225 2 _aValerian agente espácio - temporal
304 _aTít. orig.: Les armes vivantes
606 _91862
_aBanda Desenhada
675 _a087.5
_vBN
_zpor
675 _a741(=1:44)"19/20"
_vBN
_zpor
675 _a821.133.1-9"19/20"
_vBN
_zpor
700 _aMezieres
_bJ.-C.
_f1938-2022
_94751
701 _aChristin
_bP.
_f1938-
_94752
702 _aGomes
_bJoão Luís
_95665
801 0 _aPT
_bBMVN
_gRPC
830 _cInês Silva
_d31/12/2021
990 _cLIVROS